Statistics for All WWE Royal Rumble Runner Ups

Click here to take the quiz!

General Stats

  • This quiz has been taken 218 times
    (96 since last reset)
  • The average score is 24 of 35

Answer Stats

WinnerYearAnswer% Correct
Rey Mysterio2006Randy Orton
87%
Edge2021Randy Orton
87%
Undertaker2007Shawn Michaels
87%
Batista2005John Cena
85%
Edge2010John Cena
85%
Drew McIntyre2020Roman Reigns
85%
Shinsuke Nakamura2018Roman Reigns
85%
Randy Orton2017Roman Reigns
85%
Batista2014Roman Reigns
85%
Randy Orton2009Triple H
84%
John Cena2008Triple H
84%
Stone Cold2001Kane
79%
The Rock2000Big Show
78%
Chris Benoit2004Big Show
78%
Triple H2016Dean Ambrose
78%
Brock Lesnar2003Undertaker
76%
Cody Rhodes2023Gunther
75%
Stone Cold1998The Rock
72%
Sheamus2012Chris Jericho
71%
Yokozuna1993Randy Savage
71%
Mr McMahon1999Stone Cold
71%
Brock Lesnar2022Drew McIntyre
69%
Stone Cold1997Bret Hart
63%
Roman Reigns2015Rusev
63%
Alberto Del Rio2011Santino Marella
63%
Triple H2002Kurt Angle
62%
John Cena2013Ryback
60%
Seth Rollins2019Braun Strowman
59%
Shawn Michaels1996Diesel
53%
Ric Flair1992Sid
49%
Shawn Michaels1995Davey Boy Smith
35%
Big John Studd1989Ted DiBiase
35%
Hulk Hogan1990Mr Perfect
34%
Hulk Hogan1991Earthquake
32%
Jim Duggan1988One Man Gang
32%

Score Distribution

Percentile by Number Answered

Percent of People with Each Score

Your Score History

You have not taken this quiz since the last reset